Разработка алгоритма оценки степени тяжести травмы нервов конечности по сигналу вызванного магнитного ответа; Известия Томского политехнического университета [Известия ТПУ]; Т. 319, № 5 : Управление, вычислительная техника и информатика
| Parent link: | Известия Томского политехнического университета [Известия ТПУ]/ Томский политехнический университет (ТПУ).— , 2000- Т. 319, № 5 : Управление, вычислительная техника и информатика.— 2011.— [С. 129-132] |
|---|---|
| Hovedforfatter: | |
| Andre forfattere: | |
| Summary: | Заглавие с титульного листа Электронная версия печатной публикации С использованием вейвлет-преобразования получено описание разности сигналов вызванных магнитных ответов. Выявлены информативные значения коэффициентов вейвлет-преобразования, помогающие определить степень тяжести травмы нервов конечности. Построены доверительные интервалы, показывающие соответствие определенному коэффициенту своей степени тяжести травмы. На основе границ доверительных интервалов создан алгоритм оценки степени тяжести травмы нервов конечности по сигналу вызванного магнитного ответа. |
| Sprog: | russisk |
| Udgivet: |
2011
|
| Serier: | Управление, вычислительная техника и информатика |
| Fag: | |
| Online adgang: | http://www.lib.tpu.ru/fulltext/v/Bulletin_TPU/2011/v319/i5/27.pdf |
| Format: | MixedMaterials Electronisk Book Chapter |
| KOHA link: | https://koha.lib.tpu.ru/cgi-bin/koha/opac-detail.pl?biblionumber=206478 |
MARC
| LEADER | 00000nla2a2200000 4500 | ||
|---|---|---|---|
| 001 | 206478 | ||
| 005 | 20231031190722.0 | ||
| 035 | |a (RuTPU)RU\TPU\book\225092 | ||
| 035 | |a RU\TPU\book\225088 | ||
| 090 | |a 206478 | ||
| 100 | |a 20120112d2011 k y0rusy50 ca | ||
| 101 | 0 | |a rus | |
| 102 | |a RU | ||
| 135 | |a drnn ---uucaa | ||
| 181 | 0 | |a i | |
| 182 | 0 | |a b | |
| 200 | 1 | |a Разработка алгоритма оценки степени тяжести травмы нервов конечности по сигналу вызванного магнитного ответа |b Электронный ресурс |f М. А. Макаров, Л. И. Константинова | |
| 203 | |a Текст |c электронный | ||
| 215 | |a 1 файл (145 Кб) | ||
| 225 | 1 | |a Управление, вычислительная техника и информатика | |
| 230 | |a Электронные текстовые данные (1 файл : 145 Кб) | ||
| 300 | |a Заглавие с титульного листа | ||
| 300 | |a Электронная версия печатной публикации | ||
| 320 | |a [Библиогр.: с. 132 (5 назв.)] | ||
| 330 | |a С использованием вейвлет-преобразования получено описание разности сигналов вызванных магнитных ответов. Выявлены информативные значения коэффициентов вейвлет-преобразования, помогающие определить степень тяжести травмы нервов конечности. Построены доверительные интервалы, показывающие соответствие определенному коэффициенту своей степени тяжести травмы. На основе границ доверительных интервалов создан алгоритм оценки степени тяжести травмы нервов конечности по сигналу вызванного магнитного ответа. | ||
| 337 | |a Adobe Reader | ||
| 461 | 1 | |0 (RuTPU)RU\TPU\book\176237 |t Известия Томского политехнического университета [Известия ТПУ] |f Томский политехнический университет (ТПУ) |d 2000- | |
| 463 | 1 | |0 (RuTPU)RU\TPU\book\224608 |x 1684-8519 |t Т. 319, № 5 : Управление, вычислительная техника и информатика |v [С. 129-132] |d 2011 |p 151 с. | |
| 610 | 1 | |a сигналы | |
| 610 | 1 | |a дискретное вейвлет-преобразование | |
| 610 | 1 | |a вейвлет-коэффициенты | |
| 610 | 1 | |a травмы | |
| 610 | 1 | |a степень тяжести | |
| 610 | 1 | |a непараметрическое оценивание | |
| 610 | 1 | |a доверительный интервал | |
| 610 | 1 | |a магнитные ответы | |
| 610 | 1 | |a труды учёных ТПУ | |
| 610 | 1 | |a электронный ресурс | |
| 700 | 1 | |a Макаров |b М. А. | |
| 701 | 1 | |a Константинова |b Л. И. |c российский ученый, специалист в области прикладной математики |c доцент Томского политехнического университета, кандидат технических наук |f 1941- |g Людмила Ивановна |2 stltpush |3 (RuTPU)RU\TPU\pers\25733 | |
| 801 | 1 | |a RU |b 63413507 |c 20090623 |g PSBO | |
| 801 | 2 | |a RU |b 63413507 |c 20211229 |g PSBO | |
| 856 | 4 | |u http://www.lib.tpu.ru/fulltext/v/Bulletin_TPU/2011/v319/i5/27.pdf | |
| 942 | |c CF | ||